We Are - Ana Johnsson - All Lyrics - Statistics

General Stats
  • This quiz has been taken 2 times
  • The average score is 207 of 379
Answer Stats
Answer % Correct
a
100%
all
100%
all)
100%
and
100%
And
100%
are,
100%
are
100%
are)
100%
been
100%
by
100%
(By
100%
is
100%
it
100%
life
100%
like
100%
oh
100%
oh,
100%
sense
100%
so
100%
So
100%
the
100%
up
100%
we
100%
(We
100%
We
100%
we're
100%
You
100%
you
100%
your
100%
about
50%
alone
50%
asked
50%
back
50%
boy's
50%
but
50%
But
50%
call
50%
can't
50%
come
50%
down
50%
everybody,
50%
for
50%
from
50%
go
50%
home
50%
how
50%
in
50%
It's
50%
(It's
50%
It’s
50%
left
50%
live
50%
lives
50%
makes
50%
many
50%
many,
50%
(My
50%
my)
50%
My
50%
my,
50%
my
50%
never
50%
no
50%
No
50%
not
50%
of
50%
on
50%
One
50%
out
50%
place
50%
say
50%
See
50%
soul
50%
that
50%
their
50%
there's
50%
They
50%
ticking
50%
Time
50%
to
50%
two
50%
us
50%
We’ve
50%
we've
50%
What
50%
why
50%
will
50%
without
50%
answers
0%
bad
0%
Breaking
0%
breaking
0%
bunch
0%
Buying
0%
clean
0%
control
0%
control)
0%
devil
0%
doorstep
0%
dry
0%
enemies
0%
execution
0%
fail
0%
fence
0%
fence)
0%
fools
0%
forward
0%
grand
0%
hands,
0%
highway
0%
illusion
0%
information
0%
just
0%
Keep
0%
keep
0%
(Keep
0%
knowing
0%
Lining
0%
making
0%
nothing
0%
now
0%
picket
0%
piggy
0%
power
0%
questions
0%
recognize
0%
responsible,
0%
Riding
0%
rule
0%
Sliding
0%
step
0%
steps
0%
suck
0%
taking
0%
talking
0%
Telling
0%
till
0%
today
0%
wash
0%
watching
0%
within
0%
world
0%
No matching quizzes found
Score Distribution
Percent of People with Each Score
Percentile by Number Answered
Your Score History
You have not taken this quiz